000 00280nam a22001337a 4500
008 170516b xxu||||| |||| 00| 0 eng d
020 _a0881330515
041 _aeng
080 _a94
100 _a16
101 _aSHH
245 _aINIS BEAG
_cMESSENGER, J.C
942 _2udc
_cBK
999 _c13389
_d13389